The use of hints to solve problems in mathematics /
Saved in:
| Main Author: | |
|---|---|
| Format: | Thesis Book |
| Language: | English |
| Published: |
1986
|
| Subjects: | |
| Tags: |
Add Tag
No Tags, Be the first to tag this record!
|
| LEADER | 01226cam a2200325 a 4500 | ||
|---|---|---|---|
| 001 | u51366 | ||
| 003 | SIRSI | ||
| 008 | 871103s1986 my bt 00 1 eng | ||
| 035 | |a AAF-5259 | ||
| 040 | |a UMM | ||
| 043 | |a a-my--- | ||
| 090 | |a LB1646 |b M4Tan | ||
| 091 | |a Microfiche 9807 | ||
| 100 | 1 | 0 | |a Tan, Hui Kien |
| 245 | 1 | 4 | |a The use of hints to solve problems in mathematics / |c Tan Hui Kien |
| 260 | |c 1986 | ||
| 300 | |a v, 196 leaves ; |c 28cm | ||
| 500 | |a Photocopy | ||
| 500 | |a Also available on microfiche. Kuala Lumpur : Perpustakaan, Universiti Malaya, 1995. 3 microfiches ; negative, 11x15cm | ||
| 502 | |a Dissertation (M.Ed.) -- Fakulti Pendidikan, Universiti Malaya, 1987 | ||
| 504 | |a Bibliography: leaves 194-196 | ||
| 650 | 0 | |a Problem solving. | |
| 650 | 0 | |a Mathematics |x Study and teaching (Secondary) |z Malaysia | |
| 650 | 0 | |a Mathematical ability |x Testing. | |
| 650 | 0 | |a Students |x Rating of |z Malaysia. | |
| 710 | 2 | 0 | |a Universiti Malaya. |b Fakulti Pendidikan. |
| 948 | |a 16/03/1991 |b 25/11/2000 | ||
| 596 | |a 1 8 | ||
| 999 | |a LB1646 M4TAN |w LC |c 1 |i A010320084 |d 23/2/2008 |e 23/2/2008 |l STACKS |m P01UTAMA |n 6 |r Y |s Y |t TESIS |u 23/1/1992 | ||
| 999 | |a LB1646 M4TAN |w LC |c 1 |i A506697141 |l STACKS |m P08PENDIDI |r Y |s Y |t TESIS |u 1/10/1997 | ||
